|
|
|
|
| LEADER |
02127nam a2200445 i 4500 |
| 001 |
45820 |
| 003 |
BD-DhAAL |
| 005 |
20260520160420.0 |
| 008 |
260520t20161893nyuab b 001 0 eng |
| 010 |
|
|
|a 2014022523
|
| 020 |
|
|
|a 9780231167888
|
| 020 |
|
|
|a 9780231538022 (ebook)
|
| 020 |
|
|
|a 9780231167895
|
| 035 |
|
|
|a 18239323
|
| 040 |
|
|
|a DLC
|b eng
|c DLC
|e rda
|d DLC
|d BD-DhAAL
|
| 042 |
|
|
|a pcc
|
| 043 |
|
|
|a a-jp---
|a a-cc---
|
| 050 |
0 |
0 |
|a DS849.C6
|b S64 2015
|
| 082 |
0 |
0 |
|a 327.52051
|2 23
|
| 100 |
1 |
|
|a Smith, Sheila A.,
|d 1959-
|9 60592
|
| 245 |
1 |
0 |
|a Intimate rivals :
|b Japanese domestic politics and a rising China /
|c Sheila A. Smith.
|
| 246 |
|
3 |
|a Intimate rivals
|
| 250 |
|
|
|a Paperback edition.
|
| 260 |
|
|
|a New York :
|b Columbia University Press,
|c c2016.
|
| 300 |
|
|
|a xviii, 361 pages :
|b illustrations, maps ;
|c 23 cm
|
| 500 |
|
|
|a "A Council on Foreign Relations book."
|
| 500 |
|
|
|a Paperback edition, 2015
|
| 504 |
|
|
|a Includes bibliographical references (pages 333-346) and index.
|
| 505 |
0 |
|
|a Contending with China -- Diplomacy and domestic interests -- Japan's imperial veterans -- A shared maritime boundary -- Food safety -- Island defense.
|
| 526 |
8 |
|
|a AAL
|
| 541 |
1 |
|
|a Donated by Embassy of Japan in Bangladesh, Read Japan Project 2025, The Tokyo Foundation, supported by The Nippon Foundation.
|e 45820
|
| 650 |
|
0 |
|a International relations.
|
| 651 |
|
0 |
|a Japan
|x Foreign relations
|z China.
|9 60584
|
| 651 |
|
0 |
|a China
|x Foreign relations
|z Japan.
|9 60585
|
| 651 |
|
0 |
|a Japan
|x Politics and government.
|
| 651 |
|
0 |
|a Japan
|x Social conditions.
|
| 852 |
1 |
|
|a Ayesha Abed Library
|c General Stacks
|
| 942 |
|
|
|2 ddc
|c BK
|
| 999 |
|
|
|c 48001
|d 48001
|
| 952 |
|
|
|0 0
|1 0
|2 ddc
|4 0
|6 327_520510000000000_SMI
|7 0
|9 79248
|a BRACUL
|b BRACUL
|d 2026-05-20
|e Donated by Embassy of Japan in Bangladesh, Read Japan Project 2025, The Tokyo Foundation, supported by The Nippon Foundation.
|l 0
|o 327.52051 SMI
|p 3010045820
|r 2026-05-20
|t 1
|w 2026-05-20
|y BK
|x Donated copy received from Embassy of Japan in Bangladesh, Read Japan Project 2025, The Tokyo Foundation, supported by The Nippon Foundation on 08 April 2026; $25.40 Amazon.com
|